[Event "Zalakaros_open"]
[Site "Zalakaros"]
[Date "2020.09.03"]
[Round "4.11"]
[White "Jeszenszky, Jozsef"]
[Black "Dlauchy, Peter"]
[Result "0-1"]
[WhiteElo "2099"]
[BlackElo "1697"]
[PlyCount "116"]
[EventDate "2020.08.31"]
[EventType "swiss"]
[EventRounds "7"]
[EventCountry "HUN"]

1. d4 d5 2. c4 e6 3. Nc3 Nf6 4. cxd5 exd5 5. Bg5 Be7 6. e3 c6 7. Bd3 Nbd7 8. h3
O-O 9. Qc2 Re8 10. Nf3 Nf8 11. O-O Ng6 12. Bxf6 Bxf6 13. b4 Bd7 14. Rab1 Rb8
15. b5 Qa5 16. bxc6 Bxc6 17. Rfc1 Rec8 18. Bf5 Re8 19. Nd2 Qd8 20. Na4 Be7 21.
Nc5 Bd6 22. Ndb3 Kh8 23. Qd2 Nh4 24. Bg4 Qg5 25. f4 Qg6 26. Qf2 Nf5 27. Bxf5
Qxf5 28. Rd1 Bb5 29. a4 Bc4 30. g4 Qc8 31. Rbc1 b6 32. Nd3 Qa6 33. Rc3 Qxa4 34.
Ra1 Qd7 35. Ne5 Bxe5 36. dxe5 Bxb3 37. Rxb3 Rbc8 38. Rd3 Qb5 39. Qd2 Rc5 40.
Rxa7 Qb1+ 41. Kf2 Rc2 42. Rxf7 Rxd2+ 43. Rxd2 h6 44. Rd7 Rc8 45. e6 Rc1 46. e7
Rf1+ 47. Kg2 Rg1+ 48. Kh2 Rh1+ 49. Kg3 Qe1+ 50. Rf2 Qxe3+ 51. Rf3 Qe1+ 52. Rf2
Rg1+ 53. Kh4 Qxf2+ 54. Kh5 Re1 55. Kg6 Re6+ 56. Kf5 Rf6+ 57. Ke5 Qxf4+ 58. Kxd5
Qd2+ 0-1

[Event "Zalakaros_open"]
[Site "Zalakaros"]
[Date "2020.09.04"]
[Round "5.1"]
[White "Horvath, Adam"]
[Black "Kaczur, Florian"]
[Result "1/2-1/2"]
[WhiteElo "2488"]
[BlackElo "2507"]
[PlyCount "124"]
[EventDate "2020.08.31"]
[EventType "swiss"]
[EventRounds "7"]
[EventCountry "HUN"]

1. e4 e5 2. Nf3 Nc6 3. Bc4 Nf6 4. d3 Bc5 5. c3 O-O 6. O-O d5 7. exd5 Nxd5 8.
Re1 Bg4 9. Nbd2 Nb6 10. h3 Bh5 11. Bb3 Qxd3 12. Nxe5 Qf5 13. Nef3 Rae8 14. g4
Bxg4 15. hxg4 Qxg4+ 16. Kh1 Bxf2 17. Nh2 Qxd1 18. Rxd1 Be3 19. Nhf3 g6 20. Nc4
Nxc4 21. Bxc4 Bxc1 22. Raxc1 Re7 23. b4 a6 24. Re1 Rfe8 25. Rxe7 Rxe7 26. Ng5
Kg7 27. Nxf7 Rxf7 28. Bxf7 Kxf7 29. Kg2 Ke6 30. Rd1 Ne7 31. c4 b5 32. Rc1 Kd7
33. Kf3 Nc6 34. cxb5 axb5 35. a3 Ne5+ 36. Ke4 Nc4 37. Kd5 c6+ 38. Kc5 Ne5 39.
Kd4 Kd6 40. Rf1 Nd7 41. Rf7 h5 42. Rf1 Kc7 43. Rg1 Nf8 44. Ke5 Nd7+ 45. Ke6 h4
46. Rf1 Nb8 47. Rf7+ Kb6 48. Kd6 Na6 49. Rf6 g5 50. Rh6 h3 51. Kd7 Kb7 52. Rxh3
c5 53. bxc5 Nxc5+ 54. Kd6 Kb6 55. Kd5 Na6 56. Rg3 b4 57. a4 Ka5 58. Rxg5 Kxa4
59. Kc4 b3 60. Rb5 b2 61. Rxb2 Ka5 62. Rb1 Nc7 1/2-1/2

[Event "Zalakaros_open"]
[Site "Zalakaros"]
[Date "2020.09.04"]
[Round "5.2"]
[White "Aczel, Gergely"]
[Black "Pasztor, Ferenc"]
[Result "1-0"]
[WhiteElo "2511"]
[BlackElo "2231"]
[PlyCount "121"]
[EventDate "2020.08.31"]
[EventType "swiss"]
[EventRounds "7"]
[EventCountry "HUN"]

1. d4 Nf6 2. c4 e6 3. Nc3 Bb4 4. Qb3 Nc6 5. e3 Ne4 6. Nge2 O-O 7. a3 Bxc3+ 8.
Nxc3 f5 9. g3 Ne7 10. Nxe4 fxe4 11. Bg2 d5 12. cxd5 exd5 13. Bxe4 Bh3 14. f4
Rc8 15. Bd2 Kh8 16. Bf3 Qd7 17. Bb4 c6 18. Bxe7 Qxe7 19. Kf2 g5 20. Rhe1 Rc7
21. Qc3 Rd7 22. Re2 Qf6 23. Rc1 h5 24. Ke1 h4 25. Kd2 Rh7 26. Qc5 a6 27. Qb4
Rff7 28. Qc3 Kg7 29. Rf2 Kh8 30. Be2 Rhg7 31. f5 hxg3 32. hxg3 g4 33. Qb4 Re7
34. Bd3 Re8 35. Re1 Rge7 36. Bc2 Kg8 37. Qc3 Rd8 38. Rf4 Rg7 39. Re2 Rgd7 40.
Kc1 Re7 41. Kb1 Rde8 42. Ka1 Kf8 43. Qb4 Kf7 44. e4 dxe4 45. Bb3+ Kg7 46. Be6
Kh7 47. Rfxe4 Kg7 48. Qd6 Qg5 49. Rf4 Qf6 50. Rc2 Rf8 51. d5 cxd5 52. Qxd5 Rfe8
53. Rfc4 Qg5 54. Rc7 Kh6 55. Qd4 Rxc7 56. Rxc7 Bg2 57. Qd7 Rh8 58. Qf7 Be4 59.
Ka2 b5 60. Ra7 Bc6 61. Rxa6 1-0

[Event "Zalakaros_open"]
[Site "Zalakaros"]
[Date "2020.09.04"]
[Round "5.3"]
[White "Pasti, Aron"]
[Black "Meszaros, Andras"]
[Result "1-0"]
[WhiteElo "2294"]
[BlackElo "2202"]
[PlyCount "175"]
[EventDate "2020.08.31"]
[EventType "swiss"]
[EventRounds "7"]
[EventCountry "HUN"]

1. e4 e5 2. Nf3 Nc6 3. Bb5 a6 4. Ba4 Nf6 5. O-O Be7 6. Re1 b5 7. Bb3 d6 8. c3
O-O 9. h3 Bb7 10. d4 Qd7 11. Nbd2 Rad8 12. Bc2 exd4 13. cxd4 Nb4 14. Bb1 c5 15.
d5 a5 16. Nf1 Na6 17. Ng3 g6 18. Bh6 Rfe8 19. Qd2 a4 20. Nf5 Nc7 21. Nxe7+ Rxe7
22. Bg5 Nce8 23. Nh2 Bc8 24. Ng4 Nxg4 25. Bxe7 Qxe7 26. hxg4 Bxg4 27. Bd3 c4
28. Be2 Nf6 29. b3 Bxe2 30. Qxe2 axb3 31. axb3 Qe5 32. g3 cxb3 33. Qxb5 b2 34.
Rab1 Nxe4 35. Rxb2 Qf5 36. Qd3 Qf6 37. Rbe2 Nc5 38. Qe3 Nd7 39. Qe7 Qxe7 40.
Rxe7 Nf6 41. Rd1 Ra8 42. Rb1 Nxd5 43. Rd7 Nf6 44. Rxd6 Kg7 45. Rb7 Ra5 46. Kg2
h5 47. Rd3 Ng4 48. Rf3 Ne5 49. Rfb3 Ra2 50. Rb2 Ra6 51. Re2 Ra5 52. Reb2 Nd3
53. R7b5 Ra1 54. Rd2 Ne1+ 55. Kh3 Nf3 56. Rd3 Rh1+ 57. Kg2 Ne1+ 58. Kxh1 Nxd3
59. Kg2 Ne1+ 60. Kf1 Nf3 61. Ra5 Kf6 62. Ke2 Ne5 63. Rb5 Ng4 64. Kf3 Kg7 65.
Rb6 Kf8 66. Rb2 Kg7 67. Kf4 Nf6 68. Rb5 Ng4 69. f3 Nf6 70. Rb7 Nh7 71. Ke5 Ng5
72. Rb3 Ne6 73. Rc3 Nf8 74. Ra3 Nh7 75. Kd6 Kf6 76. Kd7 Ng5 77. Ke8 Kg7 78. Ra7
Kh6 79. f4 Ne4 80. Kxf7 Nxg3 81. Ra6 h4 82. Rxg6+ Kh5 83. Rg5+ Kh6 84. Rg8 Kh5
85. Ke6 Ne2 86. f5 Nd4+ 87. Ke5 Nc6+ 88. Kf4 1-0

[Event "Zalakaros_open"]
[Site "Zalakaros"]
[Date "2020.09.04"]
[Round "5.4"]
[White "Leszko, Bence"]
[Black "Boguszlavszkij, Jevgenyij"]
[Result "0-1"]
[WhiteElo "2260"]
[BlackElo "2173"]
[PlyCount "120"]
[EventDate "2020.08.31"]
[EventType "swiss"]
[EventRounds "7"]
[EventCountry "HUN"]

1. e4 e5 2. Nf3 Nc6 3. Bc4 Be7 4. O-O d6 5. a4 Nf6 6. Re1 O-O 7. h3 Nxe4 8.
Rxe4 d5 9. Bxd5 Qxd5 10. Nc3 Qd6 11. d3 a6 12. Nxe5 Nxe5 13. Bf4 f6 14. d4 Bf5
15. Re1 Rad8 16. dxe5 fxe5 17. Bxe5 Qc6 18. Qe2 Bc5 19. Bg3 Kh8 20. Rad1 Rxd1
21. Qxd1 h6 22. Qd5 Qxd5 23. Nxd5 c6 24. Nc7 Bb6 25. c3 Rf7 26. Ne8 Bc2 27. Nd6
Rd7 28. Re8+ Kh7 29. Rb8 Bc5 30. Nxb7 Ba7 31. Rc8 Rxb7 32. Rxc6 Rb6 33. Rc8
Rxb2 34. a5 Rb5 35. Ra8 Rb7 36. Rc8 Rf7 37. c4 Bf5 38. Ra8 Be4 39. Re8 Bb7 40.
Kf1 Bc5 41. f3 Bb4 42. Ke2 Bxa5 43. c5 Bc7 44. Bxc7 Rxc7 45. Re5 Rd7 46. Re6
Bd5 47. Re5 Bc4+ 48. Ke3 Rd5 49. Re7 Rxc5 50. Kd4 Rc8 51. g4 Bb5 52. f4 Rd8+
53. Kc5 Rd3 54. f5 Kg8 55. h4 Rh3 56. h5 Rg3 57. Re4 Rc3+ 58. Kb4 Rc7 59. Kb3
Kf7 60. Rd4 Rc4 0-1

[Event "Zalakaros_open"]
[Site "Zalakaros"]
[Date "2020.09.04"]
[Round "5.5"]
[White "Bodrogi, Bendeguz"]
[Black "Dobos, Jozsef"]
[Result "1/2-1/2"]
[WhiteElo "2146"]
[BlackElo "2254"]
[PlyCount "26"]
[EventDate "2020.08.31"]
[EventType "swiss"]
[EventRounds "7"]
[EventCountry "HUN"]

1. c4 c5 2. Nf3 g6 3. d4 cxd4 4. Nxd4 Bg7 5. e4 Nc6 6. Be3 Nf6 7. Nc3 O-O 8.
Be2 d6 9. O-O Bd7 10. Nc2 Qa5 11. f4 Ne8 12. Qd3 Bxc3 13. bxc3 Ng7 1/2-1/2

[Event "Zalakaros_open"]
[Site "Zalakaros"]
[Date "2020.09.04"]
[Round "5.6"]
[White "Dlauchy, Peter"]
[Black "Hardicsay, Peter"]
[Result "0-1"]
[WhiteElo "1697"]
[BlackElo "2205"]
[PlyCount "38"]
[EventDate "2020.08.31"]
[EventType "swiss"]
[EventRounds "7"]
[EventCountry "HUN"]

1. e4 c5 2. Nf3 Nc6 3. d4 cxd4 4. Nxd4 e5 5. Nb5 d6 6. N1c3 a6 7. Na3 b5 8. Nd5
Nge7 9. Bg5 f6 10. Qh5+ g6 11. Nxf6+ Kf7 12. Qf3 Nd4 13. Qd1 Ne6 14. Bh4 Ng8
15. Nd5 Qxh4 16. Bd3 Nf6 17. Nxf6 Qxf6 18. O-O h5 19. Rc1 Bh6 0-1

[Event "Zalakaros_open"]
[Site "Zalakaros"]
[Date "2020.09.04"]
[Round "5.7"]
[White "Herbold, Manfred"]
[Black "Balogh, Marton"]
[Result "1/2-1/2"]
[WhiteElo "2063"]
[BlackElo "1958"]
[PlyCount "63"]
[EventDate "2020.08.31"]
[EventType "swiss"]
[EventRounds "7"]
[EventCountry "HUN"]

1. Nc3 e6 2. e4 d5 3. d4 dxe4 4. f3 exf3 5. Nxf3 Nf6 6. Bd3 b6 7. Qe2 Bb7 8.
Bg5 Be7 9. O-O-O Nd5 10. h4 Nxc3 11. bxc3 Nd7 12. c4 h6 13. Bd2 Ba3+ 14. Kb1
Qe7 15. Rhe1 O-O-O 16. Be4 Bxe4 17. Qxe4 Kb8 18. Re3 Bb4 19. Bc1 Rhe8 20. a3
Ba5 21. Bb2 f5 22. Qf4 Qd6 23. Ne5 Nxe5 24. Rxe5 Qc6 25. d5 exd5 26. cxd5 Rxe5
27. Qxe5 Qd7 28. Qxg7 Qxg7 29. Bxg7 h5 30. Be5 Re8 31. d6 cxd6 32. Bxd6+
1/2-1/2

[Event "Zalakaros_open"]
[Site "Zalakaros"]
[Date "2020.09.04"]
[Round "5.8"]
[White "Molnar, Gabor"]
[Black "Farkas, Otto Jr"]
[Result "1/2-1/2"]
[WhiteElo "1981"]
[BlackElo "1953"]
[PlyCount "142"]
[EventDate "2020.08.31"]
[EventType "swiss"]
[EventRounds "7"]
[EventCountry "HUN"]

1. d4 d5 2. Bf4 Nf6 3. e3 c5 4. Nc3 cxd4 5. exd4 Nc6 6. Nb5 e5 7. dxe5 a6 8.
Nd4 Nxd4 9. Qxd4 Ne4 10. b4 a5 11. c3 Nxc3 12. Bd2 axb4 13. Nf3 Qa5 14. Bd3 Bc5
15. Qf4 Be6 16. O-O O-O-O 17. a3 b3 18. Bxc3 Qxc3 19. Rac1 Qxd3 20. Qb4 Kb8 21.
Rxc5 d4 22. Ng5 Rhe8 23. Nxe6 Rxe6 24. Rfc1 Qa6 25. Qxb3 d3 26. Rd1 d2 27. Rd5
Rxd5 28. Qxd5 Qxa3 29. Qxd2 Rxe5 30. Qd8+ Ka7 31. Qd4+ Qc5 32. Qa4+ Qa5 33.
Qd4+ Qc5 34. Qa4+ Kb8 35. g3 Qa5 36. Qf4 f6 37. Kg2 Qc7 38. Rc1 Qd7 39. Qc4
Qd5+ 40. Qxd5 Rxd5 41. Kf3 Re5 42. Kg4 Re2 43. Kf3 Re7 44. h4 b5 45. Rb1 Rb7
46. Ke4 Kc7 47. Kd3 Kd6 48. Kc3 Kd5 49. Kb4 Kd4 50. Re1 Kd5 51. Re2 Kd6 52. Re3
Kc6 53. Re6+ Kd7 54. Re2 Rb6 55. Kc5 Rb8 56. Kb4 Rb7 57. Re4 Kd6 58. Re2 Re7
59. Rxe7 Kxe7 60. Kxb5 Ke6 61. Kc4 Kf5 62. f3 Ke5 63. Kd3 h5 64. Ke3 f5 65. Kd3
f4 66. g4 hxg4 67. fxg4 f3 68. Ke3 f2 69. Kxf2 Kf4 70. h5 Kxg4 71. h6 gxh6
1/2-1/2

[Event "Zalakaros_open"]
[Site "Zalakaros"]
[Date "2020.09.04"]
[Round "5.9"]
[White "Deak, Laszlo"]
[Black "Piroska, Istvan"]
[Result "0-1"]
[WhiteElo "1903"]
[BlackElo "2143"]
[PlyCount "70"]
[EventDate "2020.08.31"]
[EventType "swiss"]
[EventRounds "7"]
[EventCountry "HUN"]

1. e4 e5 2. Nc3 Nc6 3. Nf3 Nf6 4. Bb5 Nd4 5. O-O Nxb5 6. Nxb5 d6 7. d4 a6 8.
Nc3 exd4 9. Qxd4 Be7 10. Nd5 Nxd5 11. exd5 O-O 12. Be3 Bf6 13. Qb4 a5 14. Qa3
b5 15. Bd4 Bf5 16. Bxf6 Qxf6 17. Qb3 Be4 18. Nd2 Bxg2 19. Kxg2 Qg5+ 20. Kh1
Qxd2 21. Rad1 Qf4 22. Qe3 Qf6 23. c3 Rfe8 24. Qd3 Re5 25. f4 Re7 26. Rd2 b4 27.
cxb4 axb4 28. Qd4 Qh4 29. Qxb4 Rae8 30. Qc3 Re1 31. Rd1 Rxd1 32. Rxd1 Qxf4 33.
Qd3 Re3 34. Qd2 Qf3+ 35. Kg1 Re2 0-1

[Event "Zalakaros_open"]
[Site "Zalakaros"]
[Date "2020.09.04"]
[Round "5.10"]
[White "Biro, Sandor"]
[Black "Ilyes, Peter"]
[Result "1-0"]
[WhiteElo "2141"]
[BlackElo "1919"]
[PlyCount "35"]
[EventDate "2020.08.31"]
[EventType "swiss"]
[EventRounds "7"]
[EventCountry "HUN"]

1. e4 e6 2. d4 d5 3. Bd3 c5 4. exd5 Qxd5 5. Nc3 Qxd4 6. Nb5 Qd8 7. Bf4 Na6 8.
Qe2 Nf6 9. O-O-O Qa5 10. Bc4 Bd7 11. Nf3 Be7 12. Ne5 Bxb5 13. Bxb5+ Kf8 14. a4
Nc7 15. Nc4 Qb4 16. Bd2 Nxb5 17. Bxb4 Nd4 18. Rxd4 1-0

[Event "Zalakaros_open"]
[Site "Zalakaros"]
[Date "2020.09.04"]
[Round "5.11"]
[White "Pete, Zeteny Dominik"]
[Black "Boronyak, Arpad"]
[Result "0-1"]
[WhiteElo "1675"]
[BlackElo "2120"]
[PlyCount "40"]
[EventDate "2020.08.31"]
[EventType "swiss"]
[EventRounds "7"]
[EventCountry "HUN"]

1. d4 Nf6 2. Bf4 c5 3. e3 e6 4. c3 d5 5. Nd2 Nc6 6. Bd3 Bd6 7. Bg3 e5 8. dxe5
Nxe5 9. Bc2 O-O 10. h3 Re8 11. Ngf3 Nxf3+ 12. Qxf3 Bxg3 13. Qxg3 d4 14. cxd4
cxd4 15. O-O-O d3 16. Nb3 Bf5 17. Nc5 Rc8 18. e4 Rxc5 19. Rxd3 Rxc2+ 20. Kxc2
Bxe4 0-1

[Event "Zalakaros_open"]
[Site "Zalakaros"]
[Date "2020.09.05"]
[Round "6.1"]
[White "Kaczur, Florian"]
[Black "Pasti, Aron"]
[Result "1-0"]
[WhiteElo "2507"]
[BlackElo "2294"]
[PlyCount "131"]
[EventDate "2020.08.31"]
[EventType "swiss"]
[EventRounds "7"]
[EventCountry "HUN"]

1. e4 e5 2. Nf3 Nc6 3. Bb5 a6 4. Ba4 Nf6 5. O-O Be7 6. Re1 b5 7. Bb3 d6 8. c3
O-O 9. h3 Na5 10. Bc2 c5 11. d4 Qc7 12. Nbd2 cxd4 13. cxd4 Nc6 14. a3 exd4 15.
Nb3 d3 16. Bxd3 Ne5 17. Bb1 Bb7 18. Nbd4 Nxf3+ 19. Qxf3 d5 20. e5 Ne4 21. Bf4
Bc5 22. Rd1 Qb6 23. Be3 Qc7 24. Qf4 Rae8 25. Nf3 Qb6 26. Ba2 Bxe3 27. Qxe3 Qxe3
28. fxe3 Rc8 29. Rac1 h6 30. Kf1 Ng3+ 31. Ke1 Nf5 32. Kf2 Ne7 33. Ke2 Rfd8 34.
Nd4 Kf8 35. Bb1 Nc6 36. Bf5 Nxd4+ 37. exd4 Rc4 38. b3 Rxc1 39. Rxc1 g6 40. Bg4
h5 41. Bf3 Ke7 42. Ke3 Rd7 43. g4 h4 44. g5 Kd8 45. Kf4 Rc7 46. Rxc7 Kxc7 47.
e6 Kd6 48. exf7 Ke7 49. Kg4 Kxf7 50. Kxh4 a5 51. b4 axb4 52. axb4 Bc6 53. Kg3
Ke6 54. Kf4 Kd6 55. h4 Be8 56. h5 gxh5 57. Kf5 Bd7+ 58. Kf6 h4 59. g6 Be6 60.
g7 h3 61. Bg4 h2 62. Bxe6 h1=Q 63. g8=Q Qh4+ 64. Qg5 Qxd4+ 65. Kf7 Qxb4 66.
Qe7+ 1-0

[Event "Zalakaros_open"]
[Site "Zalakaros"]
[Date "2020.09.05"]
[Round "6.2"]
[White "Boguszlavszkij, Jevgenyij"]
[Black "Aczel, Gergely"]
[Result "0-1"]
[WhiteElo "2173"]
[BlackElo "2511"]
[PlyCount "88"]
[EventDate "2020.08.31"]
[EventType "swiss"]
[EventRounds "7"]
[EventCountry "HUN"]

1. e4 c5 2. Nf3 e6 3. d3 d5 4. Nbd2 Nc6 5. g3 Nf6 6. Bg2 Be7 7. O-O O-O 8. e5
Nd7 9. Re1 Qc7 10. Qe2 b5 11. Nf1 Bb7 12. h4 Rfc8 13. Bf4 Nd4 14. Nxd4 cxd4 15.
Rac1 Qa5 16. a3 Rc7 17. Nh2 Rac8 18. Nf3 Qa4 19. b3 Qxa3 20. Bh3 Qc5 21. Kg2
Qb6 22. Ng5 Nf8 23. Qh5 Bb4 24. Rh1 a5 25. Ra1 Bc6 26. Qg4 Be8 27. Nf3 Kh8 28.
h5 h6 29. Bc1 Rxc2 30. Nxd4 R2c7 31. Be3 Bc5 32. Rhe1 Nh7 33. Kh2 b4 34. Nc2
Bxe3 35. Nxe3 Rc3 36. d4 R8c7 37. Rab1 Bb5 38. Bf1 Bxf1 39. Rxf1 Ng5 40. Rfd1
Ne4 41. Rb2 Nxf2 42. Rxf2 Rxe3 43. Rdf1 Re4 44. Qh3 Qxd4 0-1

[Event "Zalakaros_open"]
[Site "Zalakaros"]
[Date "2020.09.05"]
[Round "6.3"]
[White "Bodrogi, Bendeguz"]
[Black "Horvath, Adam"]
[Result "0-1"]
[WhiteElo "2146"]
[BlackElo "2488"]
[PlyCount "48"]
[EventDate "2020.08.31"]
[EventType "swiss"]
[EventRounds "7"]
[EventCountry "HUN"]

1. c4 c5 2. Nf3 g6 3. d4 cxd4 4. Nxd4 Nc6 5. e4 d6 6. Nc3 Bg7 7. Be3 Qb6 8. Nb3
Bxc3+ 9. bxc3 Qc7 10. c5 dxc5 11. Bxc5 Nf6 12. Bd3 O-O 13. Qe2 Ne5 14. Bc2 a5
15. Bd4 b6 16. f4 Nc6 17. Bxf6 exf6 18. O-O Rd8 19. Qe3 Ba6 20. Rfd1 a4 21. Nd2
Nb4 22. Bxa4 Rd3 23. Qf2 Rxc3 24. f5 Nd3 0-1

[Event "Zalakaros_open"]
[Site "Zalakaros"]
[Date "2020.09.06"]
[Round "7.1"]
[White "Leszko, Bence"]
[Black "Kaczur, Florian"]
[Result "1/2-1/2"]
[WhiteElo "2260"]
[BlackElo "2507"]
[PlyCount "110"]
[EventDate "2020.08.31"]
[EventType "swiss"]
[EventRounds "7"]
[EventCountry "HUN"]

1. e4 e5 2. Nf3 Nc6 3. Nc3 Nf6 4. d4 Bb4 5. d5 Ne7 6. Nxe5 d6 7. Nf3 Nxe4 8.
Qd4 Bxc3+ 9. bxc3 Nf6 10. c4 O-O 11. Be2 Bg4 12. O-O Re8 13. Qd3 Ng6 14. h3
Bxf3 15. Qxf3 Ne4 16. Bd3 Nc5 17. Bb2 Qg5 18. Rfe1 Ne5 19. Qe2 Kf8 20. Qe3 Qxe3
21. Rxe3 Nexd3 22. cxd3 Rxe3 23. fxe3 Nxd3 24. Bd4 b6 25. a3 f6 26. Kf1 Ke7 27.
Ke2 Ne5 28. Bxe5 fxe5 29. e4 Rf8 30. a4 Rf7 31. Ke3 Kd7 32. a5 Kc8 33. a6 Kd8
34. g3 c6 35. h4 Rc7 36. Kd3 Ke7 37. g4 Rc8 38. Rf1 c5 39. Ke3 Rf8 40. Rb1 Rf4
41. Rg1 Kd7 42. h5 Kc7 43. g5 Kd7 44. h6 g6 45. Rg2 Ke7 46. Rg1 Kd8 47. Rb1 Kc7
48. Kd3 Kd8 49. Ke3 Ke7 50. Rg1 Rh4 51. Rf1 Rh5 52. Rf6 Rxg5 53. Re6+ Kd7 54.
Rf6 Ke7 55. Re6+ Kd7 1/2-1/2

[Event "Zalakaros_open"]
[Site "Zalakaros"]
[Date "2020.09.06"]
[Round "7.2"]
[White "Aczel, Gergely"]
[Black "Horvath, Adam"]
[Result "1-0"]
[WhiteElo "2511"]
[BlackElo "2488"]
[PlyCount "89"]
[EventDate "2020.08.31"]
[EventType "swiss"]
[EventRounds "7"]
[EventCountry "HUN"]

1. d4 d5 2. c4 dxc4 3. e3 Nf6 4. Bxc4 e6 5. Nf3 c5 6. O-O a6 7. dxc5 Qxd1 8.
Rxd1 Bxc5 9. Be2 Nbd7 10. Ne1 b6 11. Nd3 Be7 12. f3 Bb7 13. e4 O-O 14. Be3 Rfc8
15. Kf2 Kf8 16. Nc3 Ne8 17. Rac1 Nd6 18. b3 Ke8 19. Na4 Rxc1 20. Rxc1 Bd8 21.
Nb4 b5 22. Nc5 Nxc5 23. Bxc5 Rc8 24. Nd3 Bg5 25. Rd1 Be7 26. b4 Rc7 27. Rc1 Bc8
28. e5 Nb7 29. Bxe7 Rxc1 30. Nxc1 Kxe7 31. f4 Nd8 32. Nd3 Kd7 33. g4 Bb7 34.
Ke3 Kc7 35. h4 Bd5 36. a3 Nc6 37. g5 Ne7 38. Nc5 Nf5+ 39. Kf2 Kb6 40. Bd3 Nxh4
41. Bxh7 Bc6 42. Kg3 Nf5+ 43. Bxf5 exf5 44. g6 fxg6 45. Kh4 1-0

[Event "Zalakaros_open"]
[Site "Zalakaros"]
[Date "2020.09.06"]
[Round "7.3"]
[White "Pasti, Aron"]
[Black "Boguszlavszkij, Jevgenyij"]
[Result "1-0"]
[WhiteElo "2294"]
[BlackElo "2173"]
[PlyCount "107"]
[EventDate "2020.08.31"]
[EventType "swiss"]
[EventRounds "7"]
[EventCountry "HUN"]

1. e4 c6 2. d4 d5 3. exd5 cxd5 4. Bd3 Nc6 5. c3 Nf6 6. Nf3 Bg4 7. h3 Bh5 8. Bf4
e6 9. Nbd2 Bd6 10. Bxd6 Qxd6 11. Qc2 Bg6 12. O-O Bxd3 13. Qxd3 O-O 14. Rae1
Rae8 15. Ne5 Nd7 16. f4 f6 17. Nxd7 Qxd7 18. Re3 Ne7 19. Rfe1 Nf5 20. R3e2 Nd6
21. Qf3 f5 22. Re5 Nf7 23. R5e2 Nd6 24. Qd3 Ne4 25. Nf3 Rc8 26. Rc2 Rc7 27. b3
Rfc8 28. Ne5 Qe7 29. c4 Qh4 30. Qe3 b6 31. Rec1 Qe7 32. Nd3 Qh4 33. c5 b5 34.
c6 g5 35. fxg5 Rg7 36. Qf4 Qxg5 37. c7 Qe7 38. Qe5 b4 39. Rc6 Ng5 40. Kh1 Nf7
41. Qxe6 Qxe6 42. Rxe6 Ng5 43. Rec6 a5 44. R1c5 Ne4 45. Rxa5 Rgxc7 46. Rxc7
Rxc7 47. Rxd5 Rc3 48. Nxb4 f4 49. Rd8+ Kg7 50. Nd5 Rc1+ 51. Kh2 Rf1 52. Re8 Nd6
53. Re7+ Kf8 54. Re6 1-0

[Event "Zalakaros_open"]
[Site "Zalakaros"]
[Date "2020.09.06"]
[Round "7.6"]
[White "Hardicsay, Peter"]
[Black "Piroska, Istvan"]
[Result "1/2-1/2"]
[WhiteElo "2205"]
[BlackElo "2143"]
[PlyCount "108"]
[EventDate "2020.08.31"]
[EventType "swiss"]
[EventRounds "7"]
[EventCountry "HUN"]

1. Nf3 d5 2. c4 d4 3. e3 c5 4. exd4 cxd4 5. g3 Nc6 6. d3 e5 7. Bg2 Nf6 8. O-O
Bd6 9. a3 a5 10. Bg5 h6 11. Bxf6 Qxf6 12. Nbd2 Qe7 13. Re1 O-O 14. Rc1 Bg4 15.
Qa4 Qd7 16. c5 Bc7 17. Nc4 Rfe8 18. Nfd2 Bf5 19. Nb6 Bxb6 20. cxb6 Re6 21. Ne4
Qe8 22. Nc5 Nd8 23. Qxe8+ Rxe8 24. f4 f6 25. fxe5 Rxe5 26. Rxe5 fxe5 27. Re1
Nf7 28. Nxb7 Rb8 29. Nxa5 Rxb6 30. Nc4 Rb5 31. Be4 Bxe4 32. Rxe4 Ng5 33. Re2 e4
34. Kg2 e3 35. b4 Rf5 36. a4 h5 37. h4 Ne6 38. Rc2 g5 39. hxg5 Nxg5 40. b5 Nf3
41. Re2 h4 42. gxh4 Nxh4+ 43. Kg3 Ng6 44. Re1 Nf4 45. Nxe3 dxe3 46. Rxe3 Nd5
47. Re6 Kf7 48. Rc6 Nb4 49. Rc7+ Ke6 50. d4 Rf1 51. a5 Kd6 52. b6 Ra1 53. Ra7
Nc6 54. Ra8 Rxa5 1/2-1/2